000 00702nam a2200217 i 4500
001 80820
003 ES-MaACL
005 20250816062533.0
007 t|
008 041029s1981 sp ||||1| spa d
100 1 _aHopkins, Keith.
_964171
245 1 0 _aConquistadores y esclavos /
_cKeith Hopkins ; [traducción de Marco-Aurelio Galmarini].
250 _a[1ª ed.].
260 _a[Barcelona] :
_bPenínsula,
_c[1981]
300 _a350 p. :
_bil. ;
_c20 cm.
490 1 _aHistoria, ciencia, sociedad ;
_v169
700 1 _aGalmarini, Marco Aurelio.
_953654
830 0 0 _aHistoria, ciencia, sociedad (Península)
_v169
_9177444
852 _aES-MaACL
_jL-1439
_bR.102137
999 _c80820
_d80820